| 000 | 00716cam a22002652a 4500 | ||
|---|---|---|---|
| 999 |
_c6654 _d6654 |
||
| 001 | 6654 | ||
| 003 | BD-JhCC | ||
| 005 | 20180127182523.0 | ||
| 008 | 000203s1969 enk 000 0 eng d | ||
| 020 | _a0571091520 | ||
| 035 | _a(BD-JhCC)6654 | ||
| 040 |
_aDLC _cDLC _dUKM _dEQO _dBD-JhCC |
||
| 041 | 1 |
_aeng _hita |
|
| 050 | 0 |
_aPQ4817.I5 _bI513 |
|
| 082 |
_a852/.9/12 _bGIN 1969 |
||
| 100 | 1 | _aGinzburg, Natalia. | |
| 240 | 1 | 0 | _aInserzione. |
| 245 | 1 | 4 |
_aThe advertisement (L'Inserzione) / _cNatalia Ginzburg translated by Henry Reed |
| 260 |
_aLondon : _bFaber, _c1969. |
||
| 300 |
_a3-59 p. _c21 cm. |
||
| 650 | _aSpanish Literature | ||
| 700 | 1 |
_aReed, Henry, _d1914-1986 |
|
| 942 |
_2ddc _cBK |
||